مكتبة جامعة عجلون الوطنية

فهرس بحث المكتبة

Normal view MARC view
  • الحكم الفاطمي - تاريخ - 968-1075م

Entry Topical Term

Number of records used in: 1

001 - CONTROL NUMBER

  • control field: 60757

003 - CONTROL NUMBER IDENTIFIER

  • control field: JO-AjAnu

005 - DATE AND TIME OF LATEST TRANSACTION

  • control field: 20230606083929.0

008 - FIXED-LENGTH DATA ELEMENTS

  • fixed length control field: 230606|| aca||aabn | a|a d

040 ## - CATALOGING SOURCE

  • Original cataloging agency: JO-AjAnu
  • Transcribing agency: JO-AjAnu

150 ## - HEADING--TOPICAL TERM

  • Topical term or geographic name entry element: الحكم الفاطمي - تاريخ - 968-1075م

670 ## - SOURCE DATA FOUND

  • Source citation: Work cat.: (JO-AjAnu)30986: حسن، غسان حاكم , author 60756, الحكم الفاطمي لبلاد الشام (358-468)هـ (968-1075)م